| 000 | 01025cab a2200325 4500 | ||
|---|---|---|---|
| 001 | ABS57991 | ||
| 008 | 090401t1997 xxu||||| |||| 00| 0 eng d | ||
| 035 | _a(Sirsi) u82309 | ||
| 041 | _aeng | ||
| 100 | _aConnellan, O. | ||
| 245 | _aValuation of specialized public sector assets | ||
| 260 | _c1997 | ||
| 350 | _a0 | ||
| 490 |
_aProperty Management _v15(4) 1997, 215-225(11) |
||
| 520 | _aReviews the requirements of local authorities and the valuation techniques available for producing capital and rental figures, including the latest "S curve rental" method. | ||
| 650 | _aASSET VALUATION | ||
| 650 | _aCAPITAL ACCOUNTING | ||
| 650 | _aCIPFA | ||
| 650 | _aDEPRECIATED REPLACEMENT COST | ||
| 650 | _aDISCOUNTED CASH FLOW VALUATION | ||
| 650 | _aDISCOUNTED CASH FLOW | ||
| 650 | _aDRC | ||
| 650 | _aLOCAL GOVERNMENT | ||
| 650 | _aRICS APPRAISAL AND VALUATION MANUAL | ||
| 650 | _aS CURVES | ||
| 650 | _aVALUATION METHODS | ||
| 690 | _aRATING AND VALUATION | ||
| 942 | _n0 | ||
| 948 | _c25/11/1997 | ||
| 999 |
_c51944 _d51944 |
||